000 00671cam a22002411 4500
001 sa 64007528
003 DLC
005 20260227112047.0
008 830827q19601969ii b 000 0 eng
010 _asa 64007528
035 _a(OCoLC)9855515
040 _aDLC
_cMBU
_dDLC
042 _apremarc
050 0 0 _aDT429
_b.V3
100 1 _aVarma, Shanti Narayan.
245 1 0 _aMulti-racial society,
_cby S.N. Varma.
260 _aNew Delhi,
_bIndian Council for Africa
_c[196-]
300 _a47 p.
_c22 cm.
500 _aCover title.
504 _aBibliographical footnotes.
651 0 _aAfrica, East
_xRace relations.
651 0 _aAfrica, Central
_xRace relations.
999 _c60310
_d60310